Countries of the World in 1900 - Statistics

General Stats
  • This quiz has been taken 83,581 times
    78,888 since last reset
  • The average score is 52 of 80
Answers on the Map
Answers color-coded by a green-red scale on the quiz's map according to % correct below.
 
Answer Stats
Country % Correct
Canada
99%
New Hebrides (neutral territory)
99%
Russia
99%
United Kingdom
99%
United States
99%
Brazil
98%
China
98%
France
98%
Mexico
98%
Spain
98%
Germany
97%
Italy
97%
Japan
97%
Portugal
97%
Sweden-Norway
97%
Argentina
96%
Denmark
96%
Chile
95%
Korea
95%
Colombia
94%
Netherlands
94%
Persia
94%
Peru
94%
Belgium
93%
Bolivia
92%
Nepal
92%
Uruguay
92%
Venezuela
92%
Greece
91%
Austria-Hungary
90%
Paraguay
90%
Siam
90%
Switzerland
90%
Morocco
89%
Ottoman Empire
88%
Afghanistan
87%
Ecuador
87%
Ethiopia
86%
Bhutan
85%
Dominican Republic
85%
Haiti
85%
Guatemala
84%
Honduras
84%
Nicaragua
84%
Romania
84%
Bulgaria
83%
Congo Free State
82%
Costa Rica
82%
El Salvador
81%
Muscat and Oman
79%
Serbia
78%
Luxembourg
66%
Montenegro
65%
Liberia
64%
Andorra
50%
Liechtenstein
49%
San Marino
49%
Monaco
46%
Swaziland
42%
Cretan State
37%
South African Republic
25%
Orange Free State
15%
Acre
12%
Aceh
11%
Tonga
10%
Bali
9%
Sokoto
6%
Ha'il
5%
Johor
5%
Ashanti
4%
Aussa
3%
Dervish State
3%
Champasak
2%
Ouaddai
2%
Sulu
2%
Ankole
1%
Aro
1%
Dendi
1%
Geledi
1%
Jambi
1%
No matching quizzes found
Score Distribution
Percent of People with Each Score
Percentile by Number Answered
Your Score History
You have not taken this quiz since the last reset